[Event "Euskadi ch 2017"]
[Site "Zornotza"]
[Date "2017.04.20"]
[Round "4.11"]
[White "Gomez Fernandez, Fulgencio"]
[Black "Laseca Arana, Irati"]
[Result "0-1"]
[WhiteElo "1874"]
[BlackElo "1823"]
[PlyCount "44"]
[EventDate "2017.04.17"]
[EventType "swiss"]
[EventRounds "7"]
[EventCountry "ESP"]
[SourceTitle "Ajedrez en Madrid"]
[Source "lmi"]
[SourceDate "2017.04.17"]

1. e4 c5 2. d4 cxd4 3. c3 d3 4. Bxd3 Nc6 5. Nf3 d6 6. Nd4 Nf6 7. O-O Bd7 8. Nd2
e6 9. Nc4 Nxd4 10. cxd4 d5 11. exd5 Nxd5 12. Qe2 Be7 13. Ne5 a6 14. Qh5 g6 15.
Bxg6 fxg6 16. Nxg6 Nf6 17. Qh6 Rg8 18. Ne5 Bc6 19. Bg5 Qd5 20. Nf3 Rg6 21. Qh4
h6 22. Bxf6 Rxg2+ 0-1

[Event "Euskadi ch 2017"]
[Site "Zornotza"]
[Date "2017.04.21"]
[Round "5.1"]
[White "Trigo Urquijo, Sergio"]
[Black "Del Rio De Angelis, Salvador G"]
[Result "1/2-1/2"]
[WhiteElo "2397"]
[BlackElo "2524"]
[PlyCount "141"]
[EventDate "2017.04.17"]
[EventType "swiss"]
[EventRounds "7"]
[EventCountry "ESP"]
[SourceTitle "Ajedrez en Madrid"]
[Source "lmi"]
[SourceDate "2017.04.17"]

1. e4 e6 2. d4 d5 3. Nd2 c5 4. Ngf3 cxd4 5. exd5 Qxd5 6. Bc4 Qd6 7. O-O Nf6 8.
Nb3 Nc6 9. Nbxd4 Nxd4 10. Nxd4 Be7 11. c3 O-O 12. Qf3 Qc7 13. Bb3 Bd7 14. Bf4
e5 15. Bg3 Bg4 16. Qd3 Nh5 17. Nf5 Bxf5 18. Qxf5 Nxg3 19. hxg3 g6 20. Qe4 Bc5
21. Rad1 Rad8 22. Rfe1 Rxd1 23. Rxd1 Rd8 24. Rxd8+ Qxd8 25. Qxe5 Qe7 26. Qxe7
Bxe7 27. Bd5 b6 28. Kf1 Kf8 29. g4 f6 30. Ke2 Ke8 31. Kd3 Bc5 32. f3 Ke7 33.
Ke4 Kd6 34. Bg8 h6 35. Bh7 g5 36. Kf5 Ke7 37. Ke4 Kd6 38. b4 Bf2 39. c4 Be1 40.
a3 Bc3 41. Kd3 Bb2 42. a4 a5 43. bxa5 bxa5 44. Bg8 Be5 45. Bf7 Ke7 46. Bd5 Kd6
47. Bb7 Kc7 48. Ba6 Kd6 49. Ke4 Bg3 50. Kf5 Be5 51. Kg6 Kc7 52. Kxh6 Kb6 53.
Bb5 Kc5 54. Kg6 Kb6 55. Kf5 Kc5 56. Ke6 Kb6 57. Kd5 Bg3 58. c5+ Kc7 59. Ke6 Be5
60. Be8 Kc8 61. Kd5 Kc7 62. Bg6 Bg3 63. Be4 Kb8 64. Kc6 Bf2 65. Kd6 Bg3+ 66.
Kd7 Ka7 67. Kc8 Bf2 68. c6 Bg3 69. Kd7 Kb6 70. Ke6 Be5 71. Kd5 1/2-1/2

[Event "Euskadi ch 2017"]
[Site "Zornotza"]
[Date "2017.04.21"]
[Round "5.2"]
[White "Huerga Leache, Mikel"]
[Black "Perez Pacheco, Ricardo"]
[Result "1-0"]
[WhiteElo "2449"]
[BlackElo "2177"]
[PlyCount "129"]
[EventDate "2017.04.17"]
[EventType "swiss"]
[EventRounds "7"]
[EventCountry "ESP"]
[SourceTitle "Ajedrez en Madrid"]
[Source "lmi"]
[SourceDate "2017.04.17"]

1. e4 c5 2. Nf3 Nc6 3. Bb5 g6 4. Bxc6 dxc6 5. d3 Bg7 6. h3 Nf6 7. Nc3 Nd7 8.
Be3 e5 9. Qd2 h6 10. O-O Qe7 11. Nh2 Nf8 12. f4 exf4 13. Bxf4 Ne6 14. Bg3 Qg5
15. Qe1 Nd4 16. Qf2 O-O 17. Bd6 Bxh3 18. Bf4 Qxg2+ 19. Qxg2 Bxg2 20. Kxg2 Nxc2
21. Rad1 Rad8 22. Rd2 Nd4 23. e5 Ne6 24. Bg3 f5 25. exf6 Bxf6 26. Ne4 Be7 27.
Ng4 Rxf1 28. Kxf1 h5 29. Ngf6+ Bxf6 30. Nxf6+ Kf7 31. Ne4 b6 32. Rf2+ Kg8 33.
Bd6 Ng5 34. Nf6+ Kg7 35. Be5 Ne6 36. Nxh5+ Kh6 37. Ng3 Rxd3 38. Ne4 Rd1+ 39.
Ke2 Rh1 40. Rf6 Rh4 41. Ng3 Nd4+ 42. Kf1 Rh2 43. Nf5+ Kg5 44. Nxd4 cxd4 45.
Bxd4 Rh4 46. Rd6 Kf5 47. Bc3 c5 48. Ke2 Ke4 49. Rxg6 Rh2+ 50. Kd1 Kd3 51. Rg3+
Kc4 52. Bd2 Rh4 53. Kc2 a5 54. Rb3 b5 55. Bxa5 b4 56. Bc7 Re4 57. Rd3 Re7 58.
Bd6 Ra7 59. b3+ Kb5 60. Kb1 Rd7 61. Rd2 Kc6 62. Bf4 Rxd2 63. Bxd2 Kb5 64. Bg5
c4 65. Be7 1-0

[Event "Euskadi ch 2017"]
[Site "Zornotza"]
[Date "2017.04.21"]
[Round "5.3"]
[White "Prieto Aranguren, Alain"]
[Black "Ortega Lopez, Mikel"]
[Result "0-1"]
[WhiteElo "2224"]
[BlackElo "2272"]
[PlyCount "104"]
[EventDate "2017.04.17"]
[EventType "swiss"]
[EventRounds "7"]
[EventCountry "ESP"]
[SourceTitle "Ajedrez en Madrid"]
[Source "lmi"]
[SourceDate "2017.04.17"]

1. d4 Nf6 2. Bg5 c5 3. d5 g6 4. Nc3 d6 5. e4 Bg7 6. Be2 O-O 7. Nf3 b5 8. Bxb5
Nxe4 9. Nxe4 Qa5+ 10. Nfd2 Qxb5 11. Bxe7 Re8 12. Bxd6 f5 13. c4 Qb6 14. O-O
fxe4 15. Bf4 Nd7 16. Rb1 Nf6 17. h3 e3 18. Bxe3 Bf5 19. b4 Bxb1 20. Bxc5 Qc7
21. Qxb1 Qf4 22. Be3 Rxe3 23. fxe3 Qxe3+ 24. Rf2 Rf8 25. Qb3 Qe1+ 26. Nf1 Ne4
27. Rxf8+ Bxf8 28. Qe3 Bxb4 29. Qxe1 Bxe1 30. Nh2 Bc3 31. Kf1 Nd2+ 32. Ke2 Nxc4
33. Kd3 Be5 34. Ng4 Nb2+ 35. Ke4 Bg7 36. d6 Kf7 37. Kd5 Nd3 38. a4 Ke8 39. Kc6
Kd8 40. Ne3 Bd4 41. Nc2 Bb6 42. Na3 Bf2 43. Nc4 Bg3 44. Kb7 Nc5+ 45. Kc6 Nxa4
46. Na5 Nb6 47. Nb7+ Ke8 48. Nc5 Nc4 49. Ne4 Bf4 50. d7+ Kd8 51. g3 Bb8 52. Kb7
Nd6+ 0-1

[Event "Euskadi ch 2017"]
[Site "Zornotza"]
[Date "2017.04.21"]
[Round "5.4"]
[White "Perez Fernandez, Modesto"]
[Black "Abalia Patino, Aritz"]
[Result "1/2-1/2"]
[WhiteElo "2114"]
[BlackElo "2032"]
[PlyCount "80"]
[EventDate "2017.04.17"]
[EventType "swiss"]
[EventRounds "7"]
[EventCountry "ESP"]
[SourceTitle "Ajedrez en Madrid"]
[Source "lmi"]
[SourceDate "2017.04.17"]

1. e4 d5 2. exd5 Qxd5 3. Nc3 Qd8 4. Bc4 Nf6 5. Nf3 Bg4 6. Bxf7+ Kxf7 7. Ne5+
Kg8 8. Nxg4 Qd4 9. Nxf6+ exf6 10. O-O c6 11. Qe2 Kf7 12. Re1 Qd7 13. Qc4+ Kg6
14. d3 Bd6 15. Bf4 Bxf4 16. Qxf4 Na6 17. Ne4 Rad8 18. Re3 Rhe8 19. Rae1 Nc7 20.
Nc5 Qc8 21. Re7 Nd5 22. Qe4+ f5 23. Qe6+ Qxe6 24. R1xe6+ Nf6 25. Rxe8 Rxe8 26.
Rxe8 Nxe8 27. Nxb7 Nc7 28. Na5 c5 29. Nc6 a6 30. Ne5+ Kg5 31. g3 Ne6 32. f4+
Kf6 33. Kf2 g5 34. Ke3 g4 35. c3 h5 36. b3 Ke7 37. Nc6+ Kd6 38. Ne5 Ke7 39.
Ng6+ Kf6 40. Ne5 Ke7 1/2-1/2

[Event "Euskadi ch 2017"]
[Site "Zornotza"]
[Date "2017.04.21"]
[Round "5.5"]
[White "Fernandez Zubitur, Jokin"]
[Black "Marchena Hurtado, Javier"]
[Result "0-1"]
[WhiteElo "2019"]
[BlackElo "2352"]
[PlyCount "56"]
[EventDate "2017.04.17"]
[EventType "swiss"]
[EventRounds "7"]
[EventCountry "ESP"]
[SourceTitle "Ajedrez en Madrid"]
[Source "lmi"]
[SourceDate "2017.04.17"]

1. e4 c5 2. b3 Nc6 3. Bb2 d6 4. Bb5 Bd7 5. f4 a6 6. Bxc6 Bxc6 7. d3 e6 8. Nf3
Nf6 9. O-O Be7 10. c4 O-O 11. Nc3 b5 12. Qc2 Qc7 13. Rfe1 Rac8 14. Nd1 Rfd8 15.
Ne3 bxc4 16. Nxc4 d5 17. Nce5 Be8 18. Rac1 a5 19. Kh1 a4 20. b4 Qb7 21. bxc5
Rxc5 22. Qe2 dxe4 23. dxe4 Rxc1 24. Bxc1 Rc8 25. f5 Nxe4 26. fxe6 fxe6 27. Nd3
Bb5 28. Nd4 Bxd3 0-1

[Event "Euskadi ch 2017"]
[Site "Zornotza"]
[Date "2017.04.21"]
[Round "5.6"]
[White "Torres Garcia, Koldo"]
[Black "Buiza Prieto, Eihartze"]
[Result "0-1"]
[WhiteElo "2004"]
[BlackElo "2120"]
[PlyCount "92"]
[EventDate "2017.04.17"]
[EventType "swiss"]
[EventRounds "7"]
[EventCountry "ESP"]
[SourceTitle "Ajedrez en Madrid"]
[Source "lmi"]
[SourceDate "2017.04.17"]

1. e4 d6 2. d4 Nf6 3. Nc3 c6 4. f4 Qa5 5. Bd3 e5 6. Nf3 Nbd7 7. O-O Be7 8. Kh1
h6 9. fxe5 dxe5 10. dxe5 Nxe5 11. Nxe5 Qxe5 12. Bf4 Qa5 13. Qf3 Be6 14. Rae1
O-O-O 15. a3 Bg4 16. Qg3 h5 17. b4 Qxa3 18. e5 Nd7 19. Ne4 Qxb4 20. Bd2 Qd4 21.
Bc3 Qd5 22. Ra1 Nc5 23. Nd6+ Bxd6 24. exd6 a6 25. Ra5 b6 26. Bxa6+ Kd7 27. Raa1
f6 28. h3 Ne4 29. Qe3 Be6 30. Qxb6 Qxd6 31. Bb4 Rb8 32. Qa7+ Qc7 33. Rad1+ Bd5
34. Qxc7+ Kxc7 35. Ba5+ Kd7 36. Rf4 f5 37. c4 Ra8 38. cxd5 Rxa6 39. dxc6+ Kxc6
40. Rc1+ Kd7 41. Be1 Ke6 42. h4 Rb8 43. Bc3 Rc8 44. Bb2 Rxc1+ 45. Bxc1 Ra1 46.
Rf1 Ng3+ 0-1

[Event "Euskadi ch 2017"]
[Site "Zornotza"]
[Date "2017.04.21"]
[Round "5.7"]
[White "Gonzalez Martinez, Miguel Ange"]
[Black "Ortin Blanco, Inigo"]
[Result "1-0"]
[WhiteElo "2115"]
[BlackElo "2127"]
[PlyCount "61"]
[EventDate "2017.04.17"]
[EventType "swiss"]
[EventRounds "7"]
[EventCountry "ESP"]
[SourceTitle "Ajedrez en Madrid"]
[Source "lmi"]
[SourceDate "2017.04.17"]

1. d4 d5 2. Bf4 Nf6 3. e3 c5 4. c3 Nc6 5. Nd2 Bf5 6. Ngf3 e6 7. Nh4 Bg4 8. Qb3
Qc8 9. h3 Bh5 10. g4 Bg6 11. Nxg6 hxg6 12. Be2 Be7 13. Rc1 Qd7 14. Kf1 c4 15.
Qc2 Bd6 16. Bxd6 Qxd6 17. e4 Qf4 18. e5 Nd7 19. Nf3 b5 20. Ne1 Nxd4 21. cxd4
Qxd4 22. Nf3 Qf4 23. Qc3 Nxe5 24. Nxe5 d4 25. Qf3 Qxc1+ 26. Kg2 Qxh1+ 27. Kxh1
O-O 28. Qf4 d3 29. Bf3 Rad8 30. Nc6 Rd7 31. Qg5 1-0

[Event "Euskadi ch 2017"]
[Site "Zornotza"]
[Date "2017.04.21"]
[Round "5.8"]
[White "Diez Fraile, David"]
[Black "Hernandez Perez, Jesus"]
[Result "1-0"]
[WhiteElo "2149"]
[BlackElo "1994"]
[PlyCount "55"]
[EventDate "2017.04.17"]
[EventType "swiss"]
[EventRounds "7"]
[EventCountry "ESP"]
[SourceTitle "Ajedrez en Madrid"]
[Source "lmi"]
[SourceDate "2017.04.17"]

1. e4 e6 2. d4 d5 3. e5 c5 4. c3 Nc6 5. Nf3 Qb6 6. Be2 Bd7 7. O-O Be7 8. dxc5
Bxc5 9. b4 Be7 10. a4 f6 11. Bf4 fxe5 12. Nxe5 Nxe5 13. Bxe5 Nf6 14. Nd2 Bd6
15. Bh5+ Ke7 16. Re1 Bxe5 17. Rxe5 Raf8 18. Bf3 Qd6 19. Qe1 Ne4 20. Nc4 dxc4
21. Rxe4 Rxf3 22. gxf3 Bc6 23. Rd1 Bd5 24. Rxc4 Rf8 25. Rg4 Qc6 26. b5 Qc5 27.
Rxg7+ Kd8 28. Qxe6 1-0

[Event "Euskadi ch 2017"]
[Site "Zornotza"]
[Date "2017.04.21"]
[Round "5.9"]
[White "Axpe Balenciaga, Inigo"]
[Black "Laseca Arana, Irati"]
[Result "1-0"]
[WhiteElo "2110"]
[BlackElo "1823"]
[PlyCount "81"]
[EventDate "2017.04.17"]
[EventType "swiss"]
[EventRounds "7"]
[EventCountry "ESP"]
[SourceTitle "Ajedrez en Madrid"]
[Source "lmi"]
[SourceDate "2017.04.17"]

1. d4 d5 2. c4 e6 3. Nc3 c5 4. cxd5 cxd4 5. Qa4+ Bd7 6. Qxd4 exd5 7. Qxd5 Nc6
8. a3 Nf6 9. Qd1 Be6 10. Qxd8+ Rxd8 11. Nf3 Bc5 12. e3 O-O 13. Be2 Na5 14. b4
Nb3 15. Rb1 Be7 16. O-O a5 17. bxa5 Nxc1 18. Rbxc1 Bxa3 19. Rb1 Nd5 20. Nxd5
Bxd5 21. Nd4 Ra8 22. Rb5 Bc6 23. Nxc6 bxc6 24. Rb6 c5 25. a6 Ra7 26. Rd1 g6 27.
Bc4 Bb4 28. Rb7 Rxb7 29. axb7 Bc3 30. f4 Ba5 31. Rd7 Kh8 32. Kf2 f6 33. e4 Bb6
34. Kf3 Ba7 35. Rc7 Rb8 36. e5 fxe5 37. fxe5 Rg8 38. Ke4 g5 39. g3 h6 40. e6 h5
41. e7 1-0

[Event "Euskadi ch 2017"]
[Site "Zornotza"]
[Date "2017.04.21"]
[Round "5.10"]
[White "Sanchez Ruesga, Carlos"]
[Black "Gomez Fernandez, Fulgencio"]
[Result "1/2-1/2"]
[WhiteElo "1948"]
[BlackElo "1874"]
[PlyCount "115"]
[EventDate "2017.04.17"]
[EventType "swiss"]
[EventRounds "7"]
[EventCountry "ESP"]
[SourceTitle "Ajedrez en Madrid"]
[Source "lmi"]
[SourceDate "2017.04.17"]

1. Nf3 c5 2. e4 Nc6 3. d4 cxd4 4. Nxd4 e5 5. Nb5 a6 6. Nd6+ Bxd6 7. Qxd6 Qf6 8.
Qxf6 Nxf6 9. f3 d5 10. exd5 Nb4 11. Na3 Nbxd5 12. c3 Bf5 13. Nc4 O-O-O 14. Be2
Nf4 15. Bxf4 exf4 16. Kf2 b5 17. Ne5 Rhe8 18. Nc6 Rd2 19. Nd4 Bd3 20. Rhd1
Rdxe2+ 21. Nxe2 Rxe2+ 22. Kf1 Rd2+ 23. Kg1 Rxd1+ 24. Rxd1 Bc4 25. b3 Be6 26.
Rd4 Nd5 27. c4 bxc4 28. Rxc4+ Kb7 29. Kf2 Kb6 30. g3 fxg3+ 31. hxg3 h5 32. Ke2
a5 33. Rc2 g5 34. Kf2 h4 35. Rd2 Kc5 36. a3 h3 37. g4 Nf4 38. b4+ axb4 39.
axb4+ Kxb4 40. Kg3 Kc4 41. Rd8 Bd5 42. Rg8 Ne6 43. Rh8 Kd4 44. Rh7 Nf4 45. Rg7
Ne2+ 46. Kf2 h2 47. Rh7 Ng1 48. Rxh2 Nxf3 49. Rh5 Ke4 50. Kg3 Ke3 51. Rh1 Ke4
52. Rb1 Ke5 53. Rb5 Nd4 54. Ra5 f5 55. gxf5 Nxf5+ 56. Kg4 Nd6 57. Rxd5+ Kxd5
58. Kxg5 1/2-1/2

[Event "Euskadi ch 2017"]
[Site "Zornotza"]
[Date "2017.04.22"]
[Round "6.2"]
[White "Ortega Lopez, Mikel"]
[Black "Trigo Urquijo, Sergio"]
[Result "0-1"]
[WhiteElo "2272"]
[BlackElo "2397"]
[PlyCount "105"]
[EventDate "2017.04.17"]
[EventType "swiss"]
[EventRounds "7"]
[EventCountry "ESP"]
[SourceTitle "Ajedrez en Madrid"]
[Source "lmi"]
[SourceDate "2017.04.17"]

1. e4 e5 2. Nf3 Nc6 3. Bb5 a6 4. Ba4 Nf6 5. O-O Be7 6. Re1 b5 7. Bb3 d6 8. c3
O-O 9. h3 Nb8 10. d4 Nbd7 11. c4 c6 12. Qc2 Bb7 13. Nc3 Rc8 14. a3 h6 15. Be3
Re8 16. Rad1 Qc7 17. Qe2 Bf8 18. dxe5 dxe5 19. Bc2 Nc5 20. b4 Ne6 21. c5 g6 22.
Bb3 Nh5 23. g3 Rcd8 24. Nh2 Nd4 25. Qa2 Bc8 26. Kg2 Nf6 27. Bxd4 exd4 28. Ne2
Rxe4 29. Nf4 Kg7 30. Rxe4 Nxe4 31. Qb2 Be7 32. Nf3 Bf6 33. Nxd4 Bxd4 34. Rxd4
Qe5 35. Rd2 Qxb2 36. Rxb2 Rd2 37. Rxd2 Nxd2 38. Bc2 Kf6 39. Ne2 Be6 40. f4 Nc4
41. Be4 Nxa3 42. Bxc6 Nc2 43. Bb7 Nxb4 44. Nc3 Ke7 45. Kf3 Bxh3 46. g4 f5 47.
gxf5 Bxf5 48. Ke3 Kd7 49. Kd4 Kc7 50. Bf3 h5 51. Ke5 Nd3+ 52. Kf6 Nxf4 53. Na2
0-1

[Event "Euskadi ch 2017"]
[Site "Zornotza"]
[Date "2017.04.22"]
[Round "6.3"]
[White "Marchena Hurtado, Javier"]
[Black "Perez Fernandez, Modesto"]
[Result "1-0"]
[WhiteElo "2352"]
[BlackElo "2114"]
[PlyCount "89"]
[EventDate "2017.04.17"]
[EventType "swiss"]
[EventRounds "7"]
[EventCountry "ESP"]
[SourceTitle "Ajedrez en Madrid"]
[Source "lmi"]
[SourceDate "2017.04.17"]

1. d4 d5 2. c4 c6 3. Nf3 Nf6 4. e3 Bf5 5. Nc3 e6 6. Nh4 Be4 7. f3 Bg6 8. Qb3
Qc7 9. Bd2 Be7 10. Nxg6 hxg6 11. g3 Nbd7 12. cxd5 Nxd5 13. e4 Nxc3 14. bxc3 c5
15. Be2 Rd8 16. O-O O-O 17. Be3 Nf6 18. Rab1 b6 19. a4 e5 20. dxe5 Qxe5 21. Bf4
Qh5 22. a5 c4 23. Qb5 bxa5 24. Bxc4 Qc5+ 25. Qxc5 Bxc5+ 26. Kh1 Bb6 27. e5 Nd5
28. Bg5 Rde8 29. Bxd5 Rxe5 30. Rb5 Rfe8 31. Bf4 Re2 32. Bb3 Kh7 33. Bxf7 Rc8
34. c4 a4 35. Bd6 Rc2 36. Rb4 a3 37. c5 g5 38. cxb6 axb6 39. Ra4 Rd2 40. Be6
Re8 41. Re1 Rd8 42. Bxa3 Rf2 43. Bf5+ Kg8 44. Rae4 Rfd2 45. Re8+ 1-0

[Event "Euskadi ch 2017"]
[Site "Zornotza"]
[Date "2017.04.22"]
[Round "6.4"]
[White "Buiza Prieto, Eihartze"]
[Black "Prieto Aranguren, Alain"]
[Result "0-1"]
[WhiteElo "2120"]
[BlackElo "2224"]
[PlyCount "63"]
[EventDate "2017.04.17"]
[EventType "swiss"]
[EventRounds "7"]
[EventCountry "ESP"]
[SourceTitle "Ajedrez en Madrid"]
[Source "lmi"]
[SourceDate "2017.04.17"]

1. e4 c6 2. d4 d5 3. Nc3 dxe4 4. Nxe4 Bf5 5. Ng3 Bg6 6. Bc4 e6 7. N1e2 Bd6 8.
O-O Qc7 9. f4 Ne7 10. Bd3 Nd7 11. c4 Rd8 12. Kh1 Nf6 13. Bxg6 hxg6 14. Qc2 Nf5
15. h3 Be7 16. Qc3 c5 17. Nxf5 gxf5 18. dxc5 Ne4 19. Qc2 Bxc5 20. b4 Bd4 21.
Rb1 Nf2+ 22. Rxf2 Bxf2 23. Bb2 Qc6 24. Kh2 Qe4 25. Qxe4 fxe4 26. Bxg7 Rg8 27.
Bf6 Rd2 28. Nc3 Bg3+ 29. Kh1 Bxf4 30. g4 Rh2+ 31. Kg1 Rxh3 32. Kg2 0-1

[Event "Euskadi ch 2017"]
[Site "Zornotza"]
[Date "2017.04.22"]
[Round "6.5"]
[White "Perez Pacheco, Ricardo"]
[Black "Abalia Patino, Aritz"]
[Result "0-1"]
[WhiteElo "2177"]
[BlackElo "2032"]
[PlyCount "54"]
[EventDate "2017.04.17"]
[EventType "swiss"]
[EventRounds "7"]
[EventCountry "ESP"]
[SourceTitle "Ajedrez en Madrid"]
[Source "lmi"]
[SourceDate "2017.04.17"]

1. e4 c5 2. Nf3 e6 3. d4 cxd4 4. Nxd4 Nf6 5. Nc3 Nc6 6. Ndb5 Bb4 7. a3 Bxc3+ 8.
Nxc3 d5 9. exd5 exd5 10. Bd3 O-O 11. O-O Bg4 12. f3 Bh5 13. Qe2 Re8 14. Qf2 Ne5
15. Bg5 Re6 16. Rad1 Qd6 17. Bf4 Nxf3+ 18. Qxf3 Bxf3 19. Bxd6 Bxd1 20. Bg3 Bxc2
21. Rc1 Bb3 22. Ne2 Bc4 23. Bxc4 dxc4 24. Nd4 Re4 25. Rxc4 Rd8 26. Bf2 Ng4 27.
Nc6 Rd1+ 0-1

[Event "Euskadi ch 2017"]
[Site "Zornotza"]
[Date "2017.04.22"]
[Round "6.6"]
[White "Diez Fraile, David"]
[Black "Gonzalez Martinez, Miguel Ange"]
[Result "1/2-1/2"]
[WhiteElo "2149"]
[BlackElo "2115"]
[PlyCount "51"]
[EventDate "2017.04.17"]
[EventType "swiss"]
[EventRounds "7"]
[EventCountry "ESP"]
[SourceTitle "Ajedrez en Madrid"]
[Source "lmi"]
[SourceDate "2017.04.17"]

1. Nf3 Nf6 2. d4 c5 3. d5 d6 4. Nc3 e5 5. e4 Be7 6. Be2 O-O 7. O-O Ne8 8. a4
Nd7 9. Nd2 g6 10. Nc4 f5 11. f4 Bf6 12. Bd3 exf4 13. Bxf4 Nb6 14. exf5 Bxf5 15.
Bxf5 gxf5 16. Qd3 Nxc4 17. Qxc4 Qb6 18. Rae1 Ng7 19. b3 a6 20. Ne2 Rae8 21. Ng3
Qd8 22. Qd3 Bd4+ 23. Kh1 Qf6 24. Rxe8 Rxe8 25. Bd2 Rf8 26. c4 1/2-1/2

[Event "Euskadi ch 2017"]
[Site "Zornotza"]
[Date "2017.04.22"]
[Round "6.7"]
[White "Ortin Blanco, Inigo"]
[Black "Axpe Balenciaga, Inigo"]
[Result "1/2-1/2"]
[WhiteElo "2127"]
[BlackElo "2110"]
[PlyCount "150"]
[EventDate "2017.04.17"]
[EventType "swiss"]
[EventRounds "7"]
[EventCountry "ESP"]
[SourceTitle "Ajedrez en Madrid"]
[Source "lmi"]
[SourceDate "2017.04.17"]

1. d4 g6 2. e4 c5 3. d5 d6 4. Nf3 Nf6 5. Bd3 Bg7 6. O-O O-O 7. c3 Na6 8. Nbd2
Rb8 9. a4 Nc7 10. Nc4 b6 11. Re1 Nd7 12. Bg5 f6 13. Bf4 Ne5 14. Ncxe5 fxe5 15.
Be3 Ne8 16. Qd2 Nf6 17. h3 Nh5 18. Bf1 Bd7 19. g3 Qe8 20. Qc1 Kh8 21. Kh2 Qc8
22. Bg2 Rf7 23. Rf1 Qf8 24. Qd2 Nf4 25. Qc1 Nxg2 26. Kxg2 Qc8 27. Rh1 Qc7 28.
Nd2 e6 29. dxe6 Bxe6 30. c4 Qc6 31. Qc2 h6 32. b3 Bf5 33. Qd3 Rd8 34. Qd5 Qxd5
35. cxd5 Bd7 36. Nc4 Be8 37. Ra2 g5 38. f3 Bf6 39. f4 gxf4 40. gxf4 exf4 41.
Bxf4 Re7 42. Nxd6 Bg6 43. Re1 Be5 44. Nf5 Bxf5 45. exf5 Rg7+ 46. Kf3 Bxf4 47.
Kxf4 Rxd5 48. Re8+ Kh7 49. Rae2 Rf7 50. R2e5 Rd4+ 51. Re4 Rd5 52. R8e5 Rdd7 53.
h4 Kg7 54. Kg4 Rd6 55. Re6 Rd5 56. R4e5 Rd4+ 57. Kh5 Rf6 58. Re7+ Rf7 59. R5e6
Rxe7 60. f6+ Kf7 61. fxe7 Ke8 62. Rxh6 Kxe7 63. Rh7+ Kf6 64. Rxa7 Rb4 65. Rb7
Rxb3 66. a5 b5 67. a6 Ra3 68. a7 c4 69. Rxb5 Rxa7 70. Rc5 Kg7 71. Rxc4 Kh7 72.
Rc5 Rb7 73. Kg5 Rg7+ 74. Kf4 Rf7+ 75. Kg5 Ra7 1/2-1/2

[Event "Euskadi ch 2017"]
[Site "Zornotza"]
[Date "2017.04.22"]
[Round "6.8"]
[White "Fernandez Zubitur, Jokin"]
[Black "Torres Garcia, Koldo"]
[Result "1-0"]
[WhiteElo "2019"]
[BlackElo "2004"]
[PlyCount "69"]
[EventDate "2017.04.17"]
[EventType "swiss"]
[EventRounds "7"]
[EventCountry "ESP"]
[SourceTitle "Ajedrez en Madrid"]
[Source "lmi"]
[SourceDate "2017.04.17"]

1. e4 e5 2. Nf3 Nc6 3. d4 exd4 4. Bc4 Nf6 5. O-O Bc5 6. e5 d5 7. exf6 dxc4 8.
fxg7 Rg8 9. Bg5 Ne7 10. Re1 Be6 11. Rxe6 fxe6 12. Ne5 Rxg7 13. Qh5+ Kf8 14. Bh6
Qe8 15. Bxg7+ Kxg7 16. Qg5+ Kh8 17. Qf6+ Kg8 18. Ng4 Nf5 19. Nd2 Qg6 20. Qxg6+
hxg6 21. Nxc4 Rf8 22. Nce5 Bd6 23. Nxg6 Rd8 24. Re1 Ng7 25. f4 c5 26. N6e5 b5
27. Nh6+ Kf8 28. Nhf7 Be7 29. Nxd8 Bxd8 30. Nd7+ Ke7 31. Nxc5 Bb6 32. Nd3 Nf5
33. Re5 Ne3 34. Rxb5 Nxc2 35. a4 1-0

[Event "Euskadi ch 2017"]
[Site "Zornotza"]
[Date "2017.04.22"]
[Round "6.9"]
[White "Hernandez Perez, Jesus"]
[Black "Fernandez De Pinedo Orive, Jose"]
[Result "1-0"]
[WhiteElo "1994"]
[BlackElo "1856"]
[PlyCount "91"]
[EventDate "2017.04.17"]
[EventType "swiss"]
[EventRounds "7"]
[EventCountry "ESP"]
[SourceTitle "Ajedrez en Madrid"]
[Source "lmi"]
[SourceDate "2017.04.17"]

1. Nf3 d6 2. e4 c5 3. Bb5+ Bd7 4. c4 Nc6 5. d4 cxd4 6. Nxd4 g6 7. Nc3 Bg7 8.
Be3 Nf6 9. h3 O-O 10. O-O Ne8 11. Bxc6 bxc6 12. Qd2 Nc7 13. Bh6 Ne6 14. Bxg7
Kxg7 15. Nf3 f6 16. Rad1 Be8 17. Nh2 h5 18. f4 Qb6+ 19. Kh1 Nc5 20. Nf3 Bf7 21.
b3 Rg8 22. e5 dxe5 23. fxe5 Rad8 24. Qe2 Ne6 25. exf6+ exf6 26. Ne4 Nf4 27. Qb2
c5 28. Nfg5 Rxd1 29. Rxd1 Rd8 30. Rf1 Rd4 31. Rxf4 fxg5 32. Nxg5 Bxc4 33. Nf3
g5 34. Rf5 Bd3 35. Nxd4 Kg6 36. Rf2 cxd4 37. Rd2 Qf6 38. Rf2 Qe5 39. Qd2 Qe3
40. Kg1 g4 41. hxg4 hxg4 42. Qxe3 dxe3 43. Rf4 Bf5 44. g3 Kf6 45. Kf1 Ke5 46.
Ke2 1-0

[Event "Euskadi ch 2017"]
[Site "Zornotza"]
[Date "2017.04.22"]
[Round "6.10"]
[White "Laseca Arana, Irati"]
[Black "Sanchez Ruesga, Carlos"]
[Result "1-0"]
[WhiteElo "1823"]
[BlackElo "1948"]
[PlyCount "117"]
[EventDate "2017.04.17"]
[EventType "swiss"]
[EventRounds "7"]
[EventCountry "ESP"]
[SourceTitle "Ajedrez en Madrid"]
[Source "lmi"]
[SourceDate "2017.04.17"]

1. b3 d5 2. Nf3 c6 3. Bb2 Bf5 4. e3 e6 5. g3 Nf6 6. Bg2 Bd6 7. O-O O-O 8. Nh4
Bg4 9. f3 Bh5 10. d3 Nbd7 11. Qe1 e5 12. Nd2 Re8 13. Nf5 Bc5 14. Kh1 Bg6 15.
Nh4 Qb6 16. e4 Rad8 17. f4 Ng4 18. f5 Bh5 19. h3 Ne3 20. g4 Nxf1 21. Qxf1 Bf2
22. Nhf3 Nf6 23. Nxe5 Bg3 24. d4 dxe4 25. gxh5 Nxh5 26. Nec4 Qc7 27. Nxe4 Rxe4
28. Bxe4 Bh4 29. Qg2 Ng3+ 30. Kg1 Qf4 31. Nd2 Qe3+ 32. Kh2 Ne2 33. Rd1 Qf4+ 34.
Kh1 Bf2 35. Qf3 Qh4 36. Qg4 Qxg4 37. hxg4 Bxd4 38. Nf1 Re8 39. Bxd4 Rxe4 40.
Bxa7 h6 41. Kg2 Nc3 42. Rd4 Re2+ 43. Kf3 Rxc2 44. a4 Nd5 45. Rd3 Nb4 46. Rd8+
Kh7 47. Re8 Nd5 48. Bd4 c5 49. Be3 Rc3 50. Nd2 f6 51. a5 Rc1 52. Nc4 Rc3 53.
Kf2 Rxb3 54. Nd6 Rb2+ 55. Kf3 Rb3 56. Nf7 Rxe3+ 57. Rxe3 Nxe3 58. Kxe3 g6 59.
Nd6 1-0